Kolberger Studenten in Bologna
| Titel: | Kolberger Studenten in Bologna |
|---|---|
| Verfasser: | |
| In: |
Vereinigung Ehemaliger Schüler des Dom- und Real-Gymnasiums zu Kolberg (Ostseebad), Pommern: Mitteilungen der Vereinigung Ehemaliger Schüler des Dom- und Real-Gymnasiums zu Kolberg, Ostseebad, Pommern, Band 83 (1999), Seite 2098-2105 alle Artikel anzeigen |
| Veröffentlicht: | 1999 |
| Format: | Aufsatz |
| Sprache: | Deutsch |
X
alg: 39165410 001A $01999:11-11-16 001B $01999:15-05-21 $t21:01:25.000 001C $06050:19-11-16 $t15:08:38.000 001D $01999:11-11-16 001U $0utf8 001X $00 002@ $0Aox 003@ $0391654101 007A $0391654101 $aHEB 007T $0Herd15777 010@ $ager 011@ $a1999 021A $aKolberger Studenten in Bologna 028A $aGehrke $dUlrich 031A $d83 $h2098-2105 $j1999 037A $aBetr. sieben Studenten in den Jahren 1343-1381 037A $aDot. siedmiu studentów w latach 1343-1381039B $aIn $8--Abvc--Vereinigung Ehemaliger Schüler des Dom- und Real-Gymnasiums zu Kolberg (Ostseebad), Pommern [Tb1]. Mitteilungen der Vereinigung Ehemaliger Schüler des Dom- und Real-Gymnasiums zu Kolberg, Ostseebad, Pommern. - Hamburg : [Verlag nicht ermittelbar], 1970-2020 $x199900000830000902 $9054887488 045F $a307.0943816 $eDDC23BSB 045F/01 $a307.09 045F/03 $g43816 045T $a7,41 $a8,1 lok: 39165410 78 exp: 39165410 78 1 #EPN 201B/01 $027-06-18 $t23:05:08.000 201U/01 $0utf8 203@/01 $0787748676 208@/01 $a11-11-16 $be 209A/01 $a/ $f000 $x00 220C/01 $aTitelaufnehmer: nk 244Z/01 $2Trx $#Pomeranija $#Pommern $#Pomoransko $#Pomořansko $#Hinterpommern;Vorpommern;Mittelpommern $#Pomorze Środkowe;Pomorze Przednie $#Pomořansko;Západní Pomořany; Pomořany $8--Trx--Pomorze Zachodnie $x01 $9391303775 244Z/01 $#Kolberg $75057070-5 $8--Tg1--Kołobrzeg $x02 $9044717024 244Z/01 $2Trx $#Bolonia $8--Trx--Bologna $x03 $9391203282 244Z/01 $aGeschichte 1343-1381 $x04 244Z/01 $2Trx $#tudengid $#studentai $#students $#diákok $#studenci $#študenti $#studenti $8--Trx--Studenten $x05 $939137107X 244Z/01 $2Trx $8--Trx--Zeitschriftenaufsatz $x06 $9391384341 245Z/01 $a13.03 $x01 245Z/01 $a11.05 $x02 247C/01 $82080>Marburg/Lahn, Herder-Institut, Forschungsbibliothek, Bibliographieportal $9336309341
| LEADER | 00000caa a22000002c 4500 | ||
|---|---|---|---|
| 001 | 391654101 | ||
| 003 | DE-603 | ||
| 005 | 20210515210125.0 | ||
| 007 | tu | ||
| 008 | 161111s1999 xx |||| | u00||u|ger c | ||
| 035 | |a (DE-599)HEB391654101 | ||
| 040 | |a DE-603 |b ger |c DE-603 |d DE-603 | ||
| 041 | |a ger | ||
| 082 | 0 | 4 | |8 1\u |a 307.0943816 |q DE-101 |2 23/BSB |
| 084 | |a 7,41 |a 8,1 |2 ssgn | ||
| 085 | |8 1\u |b 307.09 | ||
| 085 | |8 1\u |z 2 |s 43816 | ||
| 100 | 1 | |a Gehrke, Ulrich | |
| 245 | 0 | 0 | |a Kolberger Studenten in Bologna |
| 264 | 0 | |c 1999 | |
| 500 | |a Betr. sieben Studenten in den Jahren 1343-1381 | ||
| 500 | |a Dot. siedmiu studentów w latach 1343-1381 <pol> | ||
| 773 | 0 | 8 | |i In |a Vereinigung Ehemaliger Schüler des Dom- und Real-Gymnasiums zu Kolberg (Ostseebad), Pommern |t Mitteilungen der Vereinigung Ehemaliger Schüler des Dom- und Real-Gymnasiums zu Kolberg, Ostseebad, Pommern |d Hamburg : [Verlag nicht ermittelbar], 1970-2020 |h 30 cm |g Band 83 (1999), Seite 2098-2105 |w (DE-603)054887488 |w (DE-600)1361441-1 |
| 924 | 0 | |9 2080 |a (DE-603)787748676 |b DE-2080 |c HES |d d |g / | |


